000 01108nam a2200253Ia 4500
999 _c54677
_d54677
001 21744
003 GE_BSU
005 20220207130051.0
008 181216s ||||ge |||||||||||||| ||geo||
020 _a5511000310
040 _cGE_BSU
041 _ageo
080 _a821.353.1(038) ს-26
100 _aსანიკიძე, თ. (თენგიზ)
_913488
245 _aილიასა და აკაკის პოეზიის სიხშირის ლექსიკონი /
_c თ. (თენგიზ) სანიკიძე ; რედ. კ. დანელია.
264 _aთბილისი :
_bთბილ. უნ-ტის გამ-ბა,
_c1988.
300 _a697 გვ. ;
_c22 სმ.
541 _h12 ლ.
653 _aილიასა და აკაკის პოეზიის სიხშირის ლექსიკონი
653 _a ილია ჭავჭავაძე
653 _a აკაკი წერეთელი
700 _aდანელია, კ.
_eრედაქტორი
_97767
942 _cBK
_2udc